Dizionario manuale della lingua greca

Bewaard in:
Bibliografische gegevens
Hoofdauteur: Brunetti, Federico (Auteur)
Formaat: Boek
Taal:Italiaans
Grieks
Gepubliceerd in: Turín Giovanni Chiantore 1919
Editie:4a. ed
Onderwerpen:
Tags: Voeg label toe
Geen labels, Wees de eerste die dit record labelt!

MARC

LEADER 00000nam a2200000 a 4500
001 UCT3519
003 CL-VaPUC
008 961024e19190000IT |||||||||||||||||ita|d
041 0 7 |a ita  |2 CL-VaPUC 
041 0 7 |a gre  |2 CL-VaPUC 
082 0 4 |a 483.50  |b BRU  |2 21 
100 0 |a Brunetti, Federico  |e author  |9 372439 
245 1 0 |a Dizionario manuale della lingua greca 
250 |a 4a. ed 
300 |a 2 v 
942 |c BK 
945 |d 19961024 00:00:00  |a paguirre 
260 |a Turín  |b Giovanni Chiantore  |c 1919 
500 |a v.2: Italiano-greco 
650 0 |a Diccionarios  |9 256200 
650 7 |a GRIEGO  |2 CL-VaPUC  |9 317586 
650 0 |a Italiano  |9 344614 
650 0 |a Glosarios  |9 261047 
650 7 |a TERMINOLOGIA  |2 CL-VaPUC  |9 254881 
583 |a last modification  |c 19961024 00:00:00  |k Rodrigo Vera 
999 |c 253138  |d 253136